000
00206 a2200097 4500
001
15107
100
_a
Honeylone R.C
245
_a
World geography
260
_a
London
_b
Heinemann
_c
090
_c
11858
_d
11858
942
_a
NUST-CAE
_c
M
_c
2067
999
_c
250180
_d
250180